Geography Quiz

Random Geography or City Quiz

Greek & Turkish Names of Cities Match-Up II Quiz Stats

 Plays Quiz not verified by Sporcle

Score 0/25 Timer 06:00
0 Plays Today
% Correct
Báalmpek
90.5%
Attáleia
90.5%
Ismailía
90%
Sampsoúnta
89.3%
Tiflída
89%
Káiro
88.9%
Trapezoúnta
87.4%
Souéz
86.9%
Digiármpakir
86.6%
Lattákeia
83.2%
Cháifa
82.3%
Giereván
82%
Alexándreia
81.5%
% Correct
Ikónio
78.7%
Trípoli
78.7%
Sidóna
77.5%
Gkantzá
75.5%
Loúxor
71.4%
Vývlos
70.1%
Choms
68.4%
Virytós
54.8%
Ierousalím
31.2%
Damaskós
28.3%
Týros
27.7%
Véroia
15.1%

You're not logged in!

Compare scores with friends on all Sporcle quizzes.
OR
Log In

Sporcle TV

Today on Sporcle TV


Watch our educational content, quiz creation guides, and fun videos on Sporcle TV.

Show Comments

Extras

Top Quizzes Today


Score Distribution

Your Account Isn't Verified!

In order to create a playlist on Sporcle, you need to verify the email address you used during registration. Go to your Sporcle Settings to finish the process.

Report this User

Report this user for behavior that violates our Community Guidelines.

Details: